[Event "Timbues op"]
[Site "Timbues"]
[Date "2019.11.18"]
[Round "6"]
[White "Di Benedetto, Guillermo"]
[Black "Pierrot, Juan Facundo"]
[Result "1-0"]
[WhiteElo "2309"]
[BlackElo "2400"]
[PlyCount "69"]
[EventDate "2019.11.15"]
[EventType "swiss"]
[EventRounds "7"]
[EventCountry "ARG"]
[SourceTitle "CBM 193 Extra"]
[Source "ChessBase"]
[SourceDate "2020.01.31"]
[SourceVersion "1"]
[SourceVersionDate "2020.01.31"]
[SourceQuality "1"]

1. c4 c5 2. Nc3 Nc6 3. g3 g6 4. Bg2 Bg7 5. Nf3 e5 6. 0-0 Nge7 7. Ne1 a6 8. Nc2 Rb8 9. Rb1 b5 10. cxb5 axb5 11. b4 d5 12. a4 bxa4 13. b5 Nd4 14. Ne3 Bb7 15. Nxa4 Ne6 16. Ba3 Qa5 17. Bxc5 Nxc5 18. Nxc5 Ba8 19. Qa4 Qb6 20. Rfc1 Rc8 21. Qb4 Qd6 22. b6 0-0 23. Na6 Qxb4 24. Nxb4 e4 25. Na6 Bb7 26. Nc5 Bc6 27. b7 Rb8 28. Rb6 Bd4 29. Bh3 Rfd8 30. Rb4 Be5 31. Na6 Rxb7 32. Rxc6 Rxb4 33. Nxb4 Nxc6 34. Nxc6 Re8 35. Bd7 1-0

[Event "Timbues op"]
[Site "Timbues"]
[Date "2019.11.17"]
[Round "5"]
[White "Perez, Maximiliano"]
[Black "Di Benedetto, Guillermo"]
[Result "1/2-1/2"]
[WhiteElo "2418"]
[BlackElo "2309"]
[PlyCount "81"]
[EventDate "2019.11.15"]
[EventType "swiss"]
[EventRounds "7"]
[EventCountry "ARG"]
[SourceTitle "CBM 193 Extra"]
[Source "ChessBase"]
[SourceDate "2020.01.31"]
[SourceVersion "1"]
[SourceVersionDate "2020.01.31"]
[SourceQuality "1"]

1. e4 g6 2. d4 Bg7 3. Bc4 d6 4. Nc3 c6 5. Nf3 Nf6 6. e5 dxe5 7. Nxe5 0-0 8. 0-0 Nd5 9. Qf3 Be6 10. Ne4 Nd7 11. Nxd7 Bxd7 12. c3 Bf5 13. Re1 a5 14. Bg5 b6 15. a4 Ra7 16. Ng3 Be6 17. Rxe6 fxe6 18. Qe4 Qd7 19. Re1 e5 20. dxe5 e6 21. h4 Qe8 22. h5 h6 23. Bc1 g5 24. Qg4 Qf7 25. f3 Re7 26. Qe4 Qe8 27. Bd3 Bh8 28. Bc2 Qf7 29. Qc4 Rc8 30. Bg6 Qg7 31. Bd2 Rec7 32. Ne4 Rf8 33. Qb3 Qe7 34. Nf2 Rb7 35. Ng4 Bg7 36. Bb1 b5 37. axb5 cxb5 38. Qc2 Rf5 39. b3 Rc7 40. Qc1 Rf8 41. Qc2 1/2-1/2

[Event "Titled Tuesday intern op 7th April"]
[Site "Chess.com INT"]
[Date "2015.04.07"]
[Round "5"]
[White "Di Benedetto, Guillermo"]
[Black "Gascon del Nogal, Jose Rafael"]
[Result "0-1"]
[WhiteElo "2300"]
[BlackElo "2384"]
[PlyCount "78"]
[EventDate "2015.04.07"]
[EventType "swiss (blitz)"]
[EventRounds "9"]
[EventCountry "USA"]
[SourceTitle "EXT 2021"]
[Source "ChessBase"]
[SourceDate "2020.10.23"]
[SourceVersion "1"]
[SourceVersionDate "2020.10.23"]
[SourceQuality "1"]

1. d4 Nf6 2. c4 g6 3. Nc3 Bg7 4. e4 d6 5. f4 0-0 6. Nf3 c5 7. d5 e6 8. Be2 exd5 9. cxd5 Bg4 10. 0-0 Nbd7 11. a4 Re8 12. h3 Bxf3 13. Bxf3 c4 14. Be3 Rc8 15. Kh1 Nc5 16. Bxc5 Rxc5 17. Qc2 Nd7 18. Bg4 a6 19. Rae1 b5 20. axb5 axb5 21. Qf2 b4 22. Nd1 c3 23. bxc3 bxc3 24. Qc2 Nb6 25. Nf2 Rc4 26. Be2 Rb4 27. Rb1 Rb2 28. Rxb2 cxb2 29. Bb5 Re7 30. Bc6 Ra7 31. Rb1 Ra1 32. Nd3 Nc4 33. Nxb2 Na3 34. Rxa1 Nxc2 35. Ra8 Qxa8 36. Bxa8 Bxb2 37. e5 dxe5 38. d6 exf4 39. d7 Bf6 0-1

[Event "Titled Tuesday intern op 7th April"]
[Site "Chess.com INT"]
[Date "2015.04.07"]
[Round "2"]
[White "Di Benedetto, Guillermo"]
[Black "Meier, Georg"]
[Result "0-1"]
[WhiteElo "2300"]
[BlackElo "2653"]
[PlyCount "134"]
[EventDate "2015.04.07"]
[EventType "swiss (blitz)"]
[EventRounds "9"]
[EventCountry "USA"]
[SourceTitle "EXT 2021"]
[Source "ChessBase"]
[SourceDate "2020.10.23"]
[SourceVersion "1"]
[SourceVersionDate "2020.10.23"]
[SourceQuality "1"]

1. d4 e6 2. c4 Nf6 3. Nf3 d5 4. g3 Bb4+ 5. Bd2 Be7 6. Bg2 0-0 7. 0-0 c6 8. Qc2 Nbd7 9. Rd1 b6 10. b3 Bb7 11. Bf4 c5 12. dxc5 Bxc5 13. Nc3 Rc8 14. Ne5 Nxe5 15. Bxe5 Bxf2+ 16. Kh1 Ng4 17. Bf4 Bc5 18. Ne4 Qe7 19. Nxc5 Qxc5 20. e3 Nxe3 21. Bxe3 Qxe3 22. Qb2 Rfd8 23. Rd4 e5 24. Rd2 e4 25. Rad1 d4 26. Rxd4 Rxd4 27. Qxd4 Qxd4 28. Rxd4 f5 29. Kg1 Rc7 30. Kf2 Kf7 31. Ke3 Kf6 32. h4 g6 33. Kf4 Ke6 34. g4 Rf7 35. g5 Rd7 36. Rxd7 Kxd7 37. Bf1 Kd6 38. b4 Bc8 39. a3 Be6 40. Be2 Bf7 41. Bf1 Be8 42. Be2 Ba4 43. h5 Bc2 44. hxg6 hxg6 45. Bf1 Bd1 46. Bh3 Be2 47. Bxf5 gxf5 48. Kxf5 Bxc4 49. Kxe4 Bb3 50. Kd4 Bc2 51. Kc3 Bg6 52. Kd4 Be8 53. Kc4 a6 54. Kd4 Bf7 55. a4 Be8 56. a5 b5 57. Ke4 Bh5 58. Kd4 Bg6 59. Ke3 Kd5 60. Kf4 Kc4 61. Ke5 Kxb4 62. Kf6 Bh5 63. Kg7 Kxa5 64. Kh6 Be8 65. Kh7 b4 66. g6 Bxg6+ 67. Kxg6 b3 0-1

[Event "Titled Tuesday intern op 7th April"]
[Site "Chess.com INT"]
[Date "2015.04.07"]
[Round "6"]
[White "Dzhumaev, Almir"]
[Black "Di Benedetto, Guillermo"]
[Result "0-1"]
[WhiteElo "2136"]
[BlackElo "2300"]
[PlyCount "138"]
[EventDate "2015.04.07"]
[EventType "swiss (blitz)"]
[EventRounds "9"]
[EventCountry "USA"]
[SourceTitle "EXT 2021"]
[Source "ChessBase"]
[SourceDate "2020.10.23"]
[SourceVersion "1"]
[SourceVersionDate "2020.10.23"]
[SourceQuality "1"]

1. e4 g6 2. Nc3 Bg7 3. d4 c6 4. e5 d5 5. f4 Nh6 6. Nf3 f6 7. Be3 0-0 8. g3 Qb6 9. Qc1 Bg4 10. Be2 Nf5 11. 0-0 Bxf3 12. Bxf3 fxe5 13. fxe5 e6 14. Qd2 Bxe5 15. Ne2 Bg7 16. Bg4 Nd7 17. c3 Rae8 18. Bxf5 exf5 19. Bf4 Nf6 20. Nc1 Ne4 21. Qc2 g5 22. Bd2 Bxd4+ 23. Kg2 Bg7 24. Nd3 h6 25. Rae1 Qd8 26. Be3 b6 27. Bd4 Qd7 28. Qa4 Re6 29. Rf3 Rf7 30. Qc2 Rf8 31. Ref1 Nd6 32. Kh1 c5 33. Bg1 Qb7 34. Qg2 Qe7 35. R3f2 d4 36. Qd5 Kh8 37. Rc2 dxc3 38. bxc3 Qb7 39. c4 Qxd5+ 40. cxd5 Re7 41. a4 Ref7 42. a5 f4 43. axb6 axb6 44. gxf4 gxf4 45. Re2 f3 46. Re6 Nc4 47. Be3 Nxe3 48. Rxe3 Bd4 49. Re6 Rf6 50. h4 Rxe6 51. dxe6 Rf6 52. e7 Re6 53. Rxf3 Rxe7 54. Rf8+ Kg7 55. Rb8 c4 56. Nb4 Bc5 57. Nd5 Rf7 58. Nxb6 Bxb6 59. Rxb6 Rc7 60. Rb2 c3 61. Rc2 Kf6 62. Kg2 Ke5 63. Kf3 Kd4 64. Ke2 Rb7 65. Rc1 Rb2+ 66. Kf3 c2 67. Ke2 Kc3 68. Ra1 c1Q+ 69. Kf3 Qxa1 0-1

[Event "Titled Tuesday intern op 7th April"]
[Site "Chess.com INT"]
[Date "2015.04.07"]
[Round "8"]
[White "Rensch, Daniel"]
[Black "Di Benedetto, Guillermo"]
[Result "1-0"]
[WhiteElo "2384"]
[BlackElo "2300"]
[PlyCount "89"]
[EventDate "2015.04.07"]
[EventType "swiss (blitz)"]
[EventRounds "9"]
[EventCountry "USA"]
[SourceTitle "EXT 2021"]
[Source "ChessBase"]
[SourceDate "2020.10.23"]
[SourceVersion "1"]
[SourceVersionDate "2020.10.23"]
[SourceQuality "1"]

1. d4 g6 2. e4 Bg7 3. Nc3 c6 4. Bg5 d5 5. e5 f6 6. exf6 exf6 7. Be3 Nh6 8. Bd3 0-0 9. Nce2 Nd7 10. c3 Re8 11. h3 Nf8 12. g4 Nf7 13. Qc2 a5 14. Ng3 a4 15. N1e2 a3 16. b4 b5 17. 0-0-0 Nd6 18. Kb1 Be6 19. Bc1 Bf7 20. h4 Qd7 21. f3 Nc4 22. h5 Ne3 23. Qb3 Nxd1 24. Rxd1 g5 25. Nf5 h6 26. Bxa3 Be6 27. Neg3 Bxf5 28. Nxf5 Ne6 29. Bc1 Nf8 30. Qc2 Re6 31. Ng3 Qc7 32. Qf2 Rae8 33. f4 Qe7 34. Bf5 Re1 35. Rd3 Qa7 36. fxg5 Qa3 37. Qd2 fxg5 38. Rf3 Rg1 39. Nf1 Qa7 40. Qf2 Ra8 41. a3 Rxf1 42. Qxf1 Qe7 43. Bc2 Ne6 44. Qd3 Qd6 45. Qh7# 1-0

[Event "Titled Tuesday intern op 24th Febr"]
[Site "Chess.com INT"]
[Date "2015.02.24"]
[Round "8"]
[White "Di Benedetto, Guillermo"]
[Black "Sahl, Bjarke"]
[Result "1-0"]
[WhiteElo "2300"]
[BlackElo "2343"]
[PlyCount "88"]
[EventDate "2015.02.24"]
[EventType "swiss (blitz)"]
[EventRounds "9"]
[EventCountry "USA"]
[SourceTitle "EXT 2021"]
[Source "ChessBase"]
[SourceDate "2020.10.23"]
[SourceVersion "1"]
[SourceVersionDate "2020.10.23"]
[SourceQuality "1"]

1. d4 Nf6 2. c4 c5 3. d5 d6 4. Nc3 g6 5. e4 Bg7 6. f4 0-0 7. Nf3 e6 8. Be2 exd5 9. cxd5 Re8 10. e5 dxe5 11. fxe5 Ng4 12. Bg5 f6 13. exf6 Bxf6 14. Qd2 Bxg5 15. Qxg5 Qxg5 16. Nxg5 Ne3 17. Kf2 Nc2 18. Rad1 Nd4 19. Bc4 Bg4 20. Rde1 Nd7 21. Ne6 Nb6 22. Bb5 Nxb5 23. Nxb5 Nxd5 24. Nbc7 Nxc7 25. Nxc7 Rf8+ 26. Kg3 Rac8 27. Re7 Bf5 28. Rhe1 Rf7 29. Nd5 Rd8 30. Re8+ Rxe8 31. Rxe8+ Kg7 32. h4 Bd7 33. Rd8 h6 34. Nf4 g5 35. hxg5 hxg5 36. Nd3 Be6 37. Nxc5 Bxa2 38. Rd2 b6 39. Ne4 Kg6 40. Rd6+ Kf5 41. Nc3 Bb3 42. Ne2 Rf6 43. Nd4+ Ke5 44. Rxf6 Kxd4 1-0

[Event "Titled Tuesday intern op 27th Jan"]
[Site "Chess.com INT"]
[Date "2015.01.27"]
[Round "4"]
[White "O'Brien, Matthew"]
[Black "Di Benedetto, Guillermo"]
[Result "0-1"]
[WhiteElo "2113"]
[BlackElo "2300"]
[PlyCount "130"]
[EventDate "2015.01.27"]
[EventType "swiss (blitz)"]
[EventRounds "9"]
[EventCountry "USA"]
[SourceTitle "EXT 2021"]
[Source "ChessBase"]
[SourceDate "2020.10.23"]
[SourceVersion "1"]
[SourceVersionDate "2020.10.23"]
[SourceQuality "1"]

1. e4 g6 2. d4 Bg7 3. Nc3 c6 4. Nf3 d5 5. e5 Nh6 6. h3 0-0 7. a3 f6 8. exf6 exf6 9. Be2 Re8 10. 0-0 Nd7 11. Bf4 Nf8 12. Qd2 Nf7 13. Rfe1 Be6 14. Na4 b6 15. Ba6 Qd7 16. Bd3 Rad8 17. Nc3 Qc8 18. Nd1 Bd7 19. Ne3 Ne6 20. Bg3 Bh6 21. c3 Nf4 22. Bf1 Re6 23. Qd1 Ree8 24. Nc2 Rxe1 25. Ncxe1 Re8 26. Nd3 Ne6 27. Qc2 Nf8 28. Re1 Bf5 29. Rxe8 Qxe8 30. Qe2 Qxe2 31. Bxe2 Bxd3 32. Bxd3 Bc1 33. Bb8 Bxb2 34. Bxa7 Nd7 35. Ba6 Nd6 36. Kf1 Bxc3 37. Ke2 Bb2 38. a4 Kf7 39. Kd3 Ke6 40. Kc2 Ba3 41. Nd2 Bb4 42. Nf3 Ba5 43. h4 Ke7 44. h5 Kd8 45. hxg6 hxg6 46. Bd3 g5 47. Ba6 Kc7 48. Kd3 Nc8 49. Bxc8 Kxc8 50. g3 Kb7 51. Nh2 Kxa7 52. Ng4 Kb7 53. f4 gxf4 54. gxf4 Kc7 55. Nh6 Bb4 56. Nf5 Bf8 57. Ne3 Kb7 58. Kc2 Ka6 59. Kb3 Bd6 60. Ng2 Nf8 61. f5 Nd7 62. Ne3 Bf4 63. Nc2 Bd2 64. Na3 Ka5 65. Nb1 Bb4 0-1

[Event "Benavidez"]
[Site "Benavidez"]
[Date "2013.04.28"]
[Round "1"]
[White "Di Benedetto, Guillermo"]
[Black "Madina Yadarola, Martin"]
[Result "1/2-1/2"]
[WhiteElo "2267"]
[BlackElo "2228"]
[PlyCount "86"]
[EventDate "2013.04.28"]
[EventType "tourn"]
[EventRounds "9"]
[EventCountry "ARG"]
[EventCategory "2"]
[SourceTitle "CBM 154 Extra"]
[Source "ChessBase"]
[SourceDate "2013.06.25"]
[SourceVersion "2"]
[SourceVersionDate "2013.06.25"]
[SourceQuality "1"]

1. d4 Nf6 2. c4 g6 3. Nc3 Bg7 4. e4 d6 5. Be2 0-0 6. Nf3 Bg4 7. Be3 Nfd7 8. Rc1 c5 9. d5 Nb6 10. Nd2 Bxe2 11. Qxe2 e6 12. 0-0 exd5 13. exd5 N8d7 14. Nde4 Qe7 15. Bf4 Ne5 16. b3 a6 17. Rfe1 Rae8 18. Qd2 Qd8 19. h3 f6 20. Be3 Nf7 21. Ng3 f5 22. Nce2 Qc8 23. h4 Bf6 24. Bg5 Bxg5 25. hxg5 Qd8 26. f4 h6 27. Nc3 hxg5 28. Re6 Rxe6 29. dxe6 Nh6 30. Re1 Re8 31. fxg5 Ng4 32. Nd5 Nxd5 33. cxd5 Re7 34. Kf1 c4 35. Qd4 Qa5 36. Rc1 b5 37. bxc4 Qa3 38. Rc3 Qxa2 39. cxb5 Qb1+ 40. Ke2 Qb2+ 41. Qd2 Qxb5+ 42. Qd3 Qb2+ 43. Qd2 Qb5+ 1/2-1/2

[Event "Villa Martelli Pro Am op 15th"]
[Site "Villa Martelli"]
[Date "2008.10.13"]
[Round "4"]
[White "Perez, Maximiliano"]
[Black "Di Benedetto, Guillermo"]
[Result "1/2-1/2"]
[WhiteElo "2140"]
[BlackElo "2312"]
[PlyCount "79"]
[EventDate "2008.10.10"]
[EventType "swiss"]
[EventRounds "9"]
[EventCountry "ARG"]
[SourceTitle "CBM 126 Extra"]
[Source "ChessBase"]
[SourceDate "2008.11.05"]
[SourceVersion "1"]
[SourceVersionDate "2008.11.05"]
[SourceQuality "1"]

1. e4 g6 2. d4 Bg7 3. c4 d6 4. Nc3 Nc6 5. Be3 e5 6. d5 Nce7 7. Nf3 f5 8. Ng5 Nf6 9. Bd3 f4 10. Bd2 0-0 11. f3 Nh5 12. Qe2 c6 13. 0-0-0 h6 14. Ne6 Bxe6 15. dxe6 Qc8 16. Kb1 Kh8 17. Bc1 Qxe6 18. Rd2 Rad8 19. Bc2 a6 20. Rhd1 Bf6 21. c5 Nc8 22. Na4 Qe7 23. Qc4 Ng7 24. b3 dxc5 25. Nxc5 Nd6 26. Qb4 Qc7 27. Rxd6 Rxd6 28. Nxa6 Qf7 29. Qxd6 bxa6 30. Qxc6 Ne6 31. Bb2 Nd4 32. Bxd4 exd4 33. e5 Bxe5 34. Qxa6 d3 35. Qxd3 Rg8 36. Kc1 Qf6 37. Rd2 Bc3 38. Rd1 Bb2+ 39. Kb1 Ba1 40. Kc1 1/2-1/2

[Event "ARG-ch 83rd"]
[Site "La Plata"]
[Date "2008.08.09"]
[Round "10"]
[White "Lemos, Damian"]
[Black "Di Benedetto, Guillermo"]
[Result "1-0"]
[WhiteElo "2479"]
[BlackElo "2300"]
[PlyCount "79"]
[EventDate "2008.07.30"]
[EventType "tourn"]
[EventRounds "11"]
[EventCountry "ARG"]
[EventCategory "9"]
[SourceTitle "CBM 125 Extra"]
[Source "ChessBase"]
[SourceDate "2008.09.01"]
[SourceVersion "1"]
[SourceVersionDate "2008.09.01"]
[SourceQuality "1"]

1. d4 f5 2. g3 g6 3. Bg2 Bg7 4. Nf3 Nf6 5. 0-0 0-0 6. c4 d6 7. Nc3 Qe8 8. Re1 Qf7 9. b3 Ne4 10. Bb2 Nxc3 11. Bxc3 Nc6 12. Rc1 h6 13. d5 Ne5 14. Nxe5 dxe5 15. Qd2 Bd7 16. Qb2 e4 17. f3 exf3 18. exf3 Bxc3 19. Qxc3 Rae8 20. Qe3 f4 21. Qxa7 Bc8 22. Re4 fxg3 23. hxg3 g5 24. Rce1 Bf5 25. Re5 Ra8 26. Qf2 Rfe8 27. a4 c6 28. f4 Bd7 29. fxg5 Qxf2+ 30. Kxf2 hxg5 31. Rxe7 Rf8+ 32. Kg1 Rfe8 33. Rxe8+ Bxe8 34. Re5 Kf7 35. Rxg5 Kf6 36. Rg8 Kf7 37. Rh8 b5 38. dxc6 bxa4 39. bxa4 Kg7 40. c7 1-0

[Event "ARG-ch 83rd"]
[Site "La Plata"]
[Date "2008.08.07"]
[Round "8"]
[White "Tristan, Leonardo"]
[Black "Di Benedetto, Guillermo"]
[Result "1/2-1/2"]
[WhiteElo "2366"]
[BlackElo "2300"]
[PlyCount "95"]
[EventDate "2008.07.30"]
[EventType "tourn"]
[EventRounds "11"]
[EventCountry "ARG"]
[EventCategory "9"]
[SourceTitle "CBM 125 Extra"]
[Source "ChessBase"]
[SourceDate "2008.09.01"]
[SourceVersion "1"]
[SourceVersionDate "2008.09.01"]
[SourceQuality "1"]

1. e4 c5 2. Nf3 Nc6 3. Bb5 g6 4. Bxc6 dxc6 5. d3 Bg7 6. h3 Nf6 7. Nc3 Nd7 8. Be3 e5 9. Qd2 Qe7 10. 0-0 Nf8 11. Bh6 Bxh6 12. Qxh6 f6 13. Nd2 Ne6 14. Ne2 g5 15. Nc4 Rg8 16. Qh5+ Rg6 17. Ne3 Qf7 18. Nf5 Kd8 19. Qf3 Nf4 20. c3 Bxf5 21. exf5 Rg7 22. d4 Qd5 23. Nxf4 gxf4 24. Qxd5+ cxd5 25. dxe5 fxe5 26. Rad1 Ke7 27. Rxd5 Rag8 28. Rxe5+ Kf6 29. Rxc5 Rxg2+ 30. Kh1 f3 31. Rc7 R8g5 32. Rxh7 Kxf5 33. Rf7+ Ke4 34. Re1+ Kd3 35. Rxf3+ Kd2 36. Ra1 Ke2 37. Rg3 Kxf2 38. Rxg2+ Rxg2 39. Rd1 Rg6 40. Rd2+ Kf3 41. Kh2 b5 42. h4 Rg4 43. Rd3+ Ke2 44. Rd4 Rg7 45. h5 Rg5 46. Rh4 Kf2 47. Rf4+ Ke3 48. Rh4 1/2-1/2

[Event "ARG-ch 83rd"]
[Site "La Plata"]
[Date "2008.08.02"]
[Round "4"]
[White "Di Benedetto, Guillermo"]
[Black "Pierrot, Juan Facundo"]
[Result "1/2-1/2"]
[WhiteElo "2300"]
[BlackElo "2421"]
[PlyCount "85"]
[EventDate "2008.07.30"]
[EventType "tourn"]
[EventRounds "11"]
[EventCountry "ARG"]
[EventCategory "9"]
[SourceTitle "CBM 125 Extra"]
[Source "ChessBase"]
[SourceDate "2008.09.01"]
[SourceVersion "1"]
[SourceVersionDate "2008.09.01"]
[SourceQuality "1"]

1. d4 Nf6 2. c4 g6 3. Nc3 d5 4. Bf4 Bg7 5. Rc1 Nh5 6. Bg5 h6 7. Bh4 dxc4 8. e3 Be6 9. Be2 Nf6 10. Nf3 c6 11. 0-0 Nbd7 12. e4 Rc8 13. Nd2 b5 14. f4 Nb6 15. Bf2 0-0 16. g4 Rc7 17. a4 Rd7 18. f5 Rxd4 19. Bxd4 Qxd4+ 20. Kh1 Bc8 21. axb5 cxb5 22. Nxb5 Qe5 23. Nc3 Bb7 24. Bf3 h5 25. fxg6 hxg4 26. gxf7+ Rxf7 27. Bxg4 Bh6 28. Nf3 Nxe4 29. Qd8+ Kg7 30. Rce1 Nf2+ 31. Kg1 Be3 32. Rxf2 Bxf3 33. Rxe3 Qxe3 34. Bxf3 Rxf3 35. Qd2 Qxd2 36. Rxd2 e5 37. Re2 Rf5 38. Nb5 a6 39. Na3 Kf6 40. Re4 Rg5+ 41. Kf2 Kf5 42. Kf3 Rh5 43. h4 1/2-1/2

[Event "ARG-ch 83rd"]
[Site "La Plata"]
[Date "2008.08.01"]
[Round "3"]
[White "Alonso, Salvador"]
[Black "Di Benedetto, Guillermo"]
[Result "1-0"]
[WhiteElo "2437"]
[BlackElo "2300"]
[PlyCount "49"]
[EventDate "2008.07.30"]
[EventType "tourn"]
[EventRounds "11"]
[EventCountry "ARG"]
[EventCategory "9"]
[SourceTitle "CBM 125 Extra"]
[Source "ChessBase"]
[SourceDate "2008.09.01"]
[SourceVersion "1"]
[SourceVersionDate "2008.09.01"]
[SourceQuality "1"]

1. e4 c5 2. Nf3 Nc6 3. Nc3 e5 4. Bc4 Be7 5. d3 d6 6. 0-0 Nf6 7. Ng5 0-0 8. f4 h6 9. Nf3 exf4 10. Bxf4 Be6 11. Nd5 Nxd5 12. Bxd5 Bxd5 13. exd5 Ne5 14. Bxe5 dxe5 15. c4 Bd6 16. g4 g6 17. Kh1 Kh7 18. Rg1 Qe7 19. Qe2 Rae8 20. Rae1 f5 21. gxf5 gxf5 22. Ng5+ Kh8 23. Qh5 Qf6 24. Ref1 Rd8 25. Ne6 1-0

[Event "ARG-ch sf 83rd"]
[Site "Buenos Aires"]
[Date "2008.07.27"]
[Round "8"]
[White "Di Benedetto, Guillermo"]
[Black "Quiroga, Facundo"]
[Result "1/2-1/2"]
[WhiteElo "2300"]
[BlackElo "2339"]
[PlyCount "77"]
[EventDate "2008.07.21"]
[EventType "swiss"]
[EventRounds "9"]
[EventCountry "ARG"]
[SourceTitle "CBM 125 Extra"]
[Source "ChessBase"]
[SourceDate "2008.09.01"]
[SourceVersion "1"]
[SourceVersionDate "2008.09.01"]
[SourceQuality "1"]

1. d4 Nf6 2. c4 e6 3. Nf3 b6 4. g3 Bb7 5. Bg2 Bb4+ 6. Bd2 c5 7. Bxb4 cxb4 8. 0-0 0-0 9. a3 Qe7 10. Qb3 bxa3 11. Rxa3 d5 12. Rc1 dxc4 13. Qxc4 Nbd7 14. Qa4 Rac8 15. Rxc8 Rxc8 16. Rc3 Rxc3 17. Nxc3 a6 18. Nd2 Bxg2 19. Kxg2 Nb8 20. Kg1 h6 21. Qc4 Qb7 22. Qd3 Nc6 23. Nde4 Nxe4 24. Qxe4 Qd7 25. d5 exd5 26. Nxd5 b5 27. Kg2 a5 28. h4 Nd8 29. Qd3 Qb7 30. e4 Ne6 31. Qc3 Qa6 32. Qe5 f6 33. Qb8+ Kf7 34. Nb6 b4 35. h5 Qd3 36. Qb7+ Kg8 37. Qc8+ Kf7 38. Qb7+ Kg8 39. Qc8+ 1/2-1/2

[Event "Pereyra Puebla Memorial 06th"]
[Site "Mendoza"]
[Date "2007.12.16"]
[Round "3"]
[White "Charaf, Leonardo"]
[Black "Di Benedetto, Guillermo"]
[Result "1/2-1/2"]
[WhiteElo "2043"]
[BlackElo "2312"]
[PlyCount "63"]
[EventDate "2007.12.14"]
[EventType "swiss"]
[EventRounds "9"]
[EventCountry "ARG"]
[SourceTitle "CBM 121 Extra"]
[Source "ChessBase"]
[SourceDate "2008.01.10"]
[SourceVersion "1"]
[SourceVersionDate "2008.01.10"]
[SourceQuality "1"]

1. e4 g6 2. d4 Bg7 3. Nc3 c6 4. f4 d5 5. e5 Nh6 6. Nf3 Bg4 7. h3 Bxf3 8. Qxf3 Qb6 9. Qf2 Nf5 10. Ne2 h5 11. g3 Na6 12. c3 c5 13. Rg1 cxd4 14. Nxd4 Nxd4 15. Qxd4 Qxd4 16. cxd4 Nb4 17. Kd1 Rc8 18. Bd2 Nc6 19. Rc1 a6 20. Be3 Kd7 21. Bd3 e6 22. Ke2 Bf8 23. Rh1 Be7 24. g4 Bd8 25. Bb1 Bb6 26. Rcd1 hxg4 27. hxg4 Rxh1 28. Rxh1 Bxd4 29. Rh7 Bxe3 30. Kxe3 Ke8 31. Rh8+ Kd7 32. Rh7 1/2-1/2

[Event "San Luis zt 2.5"]
[Site "San Luis"]
[Date "2007.03.23"]
[Round "7"]
[White "Di Benedetto, Guillermo"]
[Black "Roselli Mailhe, Bernardo"]
[Result "0-1"]
[WhiteElo "2308"]
[BlackElo "2446"]
[PlyCount "50"]
[EventDate "2007.03.19"]
[EventType "swiss"]
[EventRounds "9"]
[EventCountry "ARG"]
[SourceTitle "CBM 117 Extra"]
[Source "ChessBase"]
[SourceDate "2007.05.09"]
[SourceVersion "1"]
[SourceVersionDate "2007.05.09"]
[SourceQuality "1"]

1. d4 Nf6 2. c4 g6 3. Nc3 Bg7 4. e4 d6 5. f4 0-0 6. Nf3 Na6 7. Be2 e5 8. fxe5 dxe5 9. d5 Nc5 10. Qc2 Nfxe4 11. Nxe4 Bf5 12. Bd3 Bxe4 13. Bxe4 f5 14. Bg5 Qd6 15. Nd2 fxe4 16. 0-0-0 Rf2 17. Rhg1 Re2 18. Kb1 h6 19. Bh4 e3 20. Ne4 Rxc2 21. Nxd6 e2 22. Rde1 Rd2 23. b4 Nd3 24. Ne4 Rb2+ 25. Ka1 Rc2 0-1

[Event "Buenos Aires-ch qual"]
[Site "Buenos Aires"]
[Date "2006.03.29"]
[Round "9.9"]
[White "Liascovich, Lucas Agustin"]
[Black "Di Benedetto, Guillermo"]
[Result "1-0"]
[WhiteElo "2432"]
[BlackElo "2282"]
[PlyCount "67"]
[EventDate "2006.03.21"]
[EventType "swiss"]
[EventRounds "9"]
[EventCountry "ARG"]
[SourceTitle "CBM 111 Extra"]
[Source "ChessBase"]
[SourceDate "2006.05.09"]
[SourceVersion "1"]
[SourceVersionDate "2006.05.09"]
[SourceQuality "1"]

1. e4 c5 2. Nf3 Nc6 3. c3 d5 4. exd5 Qxd5 5. d4 Bg4 6. Be2 cxd4 7. cxd4 e6 8. Nc3 Qa5 9. 0-0 Nf6 10. a3 Be7 11. h3 Bh5 12. Be3 0-0 13. Qb3 Qc7 14. Rac1 Rfd8 15. Rfd1 Bg6 16. Ne5 Nxe5 17. Nd5 Qd7 18. Nxf6+ gxf6 19. dxe5 Qe8 20. Rxd8 Qxd8 21. Qxb7 Rb8 22. Qxa7 fxe5 23. b4 Kg7 24. Qc7 Ra8 25. b5 Bxa3 26. Qxe5+ Kg8 27. Bd4 Qxd4 28. Qxd4 Bxc1 29. b6 e5 30. b7 exd4 31. bxa8Q+ Kg7 32. Qa1 Bg5 33. Qxd4+ Bf6 34. Qa4 1-0